000 02193nam a2200589 i 4500
001 41668
003 KOSZ 005
005 20240405063135.0
008 031002s1997 pl a |001 0 pol
015 _aUWD 2004/2655
020 _a8385109986
035 _a991020400689705066
035 _a(PL-WaBN)b1553117x-48omnis_nlop
035 _ab1553117x
035 _a(OCoLC)830430157
035 _azz2003946800
035 _a(PL)b0000001553117
035 _a(EXLNZ-48OMNIS_NETWORK)9910497323905606
040 _aWA N
_cWA N
_dWA N
_dKOSZ 005/HR
041 1 _apol
_heng
046 _k1994
080 _a7.025.7(4)
080 _a94(100)"1939/1945"
100 1 _aNicholas, Lynn H.
_eAutor
245 1 0 _aGrabież Europy :
_blosy dzieł sztuki w Trzeciej Rzeszy i podczas II wojny światowej /
_cLynn H. Nicholas ; przeł. Barbara Sławomirska.
246 1 _iTyt. oryg.:
_aRape of Europa
_bthe fate of Europe's treasures in the Third Reich and the Second World War,
_f1994
246 1 _aLosy dzieł sztuki w Trzeciej Rzeszy i podczas II wojny światowej
260 _aKraków :
_bWydaw. Baran i Suszczyński :
_bSztuka Polski Dom Aukcyjny,
_c1997.
300 _a447 s. :
_bil. ;
_c25 cm.
336 _aTekst
_btxt
_2rdacontent
337 _aBez urządzenia pośredniczącego
_bn
_2rdamedia
338 _aWolumin
_bnc
_2rdacarrier
380 _aKsiążki
388 _a1901-2000
500 _aTyt. oryg.: "The rape of Europa : the fate of Europe's treasures in the Third Reich and the Second World War" 1994.
504 _aIndeks.
648 7 _a1901-2000
_2DBN
648 7 _a1918-1939
_2DBN
648 7 _a1939-1945
_2DBN
650 7 _aKradzież dzieł sztuki
_2DBN
650 7 _aZaginione dzieła sztuki
650 7 _aZabytki kultury
650 7 _aStraty wojenne
651 7 _aEuropa
_2DBN
651 7 _aNiemcy
_2DBN
658 _aKultura i sztuka
658 _aHistoria
700 1 _aSławomirska, Barbara
_d(1952- )
_eTłumaczenie
856 _uhttp://koha.tu.koszalin.pl/cgi-bin/koha/opac-detail.pl?biblionumber=41668
_yKatalog online BPK
942 _2UKD
_cKS
999 _c41668
_d41668